00556cam a2200157 i 4500001000800000005001700008008004100025040001800066082002000084245004100104260005400145300001300199490005600212500011500268650001500383133441820240301005401.0790302s1977 ce a f100 0 eng  aDLCcDLCdDLC00a322.2222bWOR.10aWorkers participation in management. aColombo :bSri Lanka Foundation Institute,c1977. a104 p. :1 aSeminar report - Sri Lanka Foundation Institute ; 5 aConducted by the Asian Trade Union College, New Delhi in co-operation with the Sri Lanka Foundation Institute. 0aManagement